Educating of Ageing Workforce in Digitalization and the Use of Digital Tools
Na minha lista:
| Autor principal: | |
|---|---|
| Outros Autores: | |
| Formato: | Capítulo de Livro |
| Idioma: | inglês |
| Assuntos: | |
| Tags: |
Sem tags, seja o primeiro a adicionar uma tag!
|
MARC
| LEADER | 00000naa a2200000 4500 | ||
|---|---|---|---|
| 001 | 0305969 | ||
| 005 | 20250110091913.8 | ||
| 041 | 0 | |a eng | |
| 044 | |a SK | ||
| 245 | 1 | 0 | |a Educating of Ageing Workforce in Digitalization and the Use of Digital Tools |c Anetta Čaplánová, Ľubomír Darmo |
| 500 | |a Abstrakt | ||
| 610 | 2 | 0 | |a starnutie populácie |
| 610 | 2 | 0 | |a digitalizácia |
| 610 | 2 | 0 | |a zručnosti |
| 610 | 2 | 0 | |a zručnosti digitálne |
| 610 | 2 | 0 | |a technológie nové |
| 100 | 1 | |a Čaplánová, Anetta, 1967- | |
| 700 | 1 | |a Darmo, Ľubomír, 1984- | |